The Claverings / (Record no. 83636)
[ view plain ]
| 000 -LEADER | |
|---|---|
| fixed length control field | 00825nam a2200265 a 4500 |
| 001 - CONTROL NUMBER | |
| control field | 83636 |
| 003 - CONTROL NUMBER IDENTIFIER | |
| rucl marc code | BD-RjUL |
| 005 - DATE AND TIME OF LATEST TRANSACTION | |
| control field | 20240508150541.0 |
| 008 - FIXED-LENGTH DATA ELEMENTS--GENERAL INFORMATION | |
| fixed length control field | 240502s1924 enk 000 1 eng |
| 035 ## - SYSTEM CONTROL NUMBER | |
| System control number | (BD-RjUL)83636 |
| 040 ## - CATALOGING SOURCE | |
| Original cataloging agency | DLC |
| Transcribing agency | OMC |
| Modifying agency | OCoLC |
| -- | DLC |
| -- | BD-RjUL |
| Language of cataloging | eng |
| 041 ## - LANGUAGE CODE | |
| Language code of text/sound track or separate title | eng |
| 082 ## - DEWEY DECIMAL CLASSIFICATION NUMBER | |
| Edition number | 23 |
| Classification number | 823 |
| Author mark and year | TRC 1951 |
| 100 1# - MAIN ENTRY--PERSONAL NAME | |
| Personal name | Trollope, Anthony, |
| Dates associated with a name | 1815-1882. |
| 245 14 - TITLE STATEMENT | |
| Title | The Claverings / |
| Statement of responsibility, etc. | by Anthony Trollope. |
| 260 ## - PUBLICATION, DISTRIBUTION, ETC. (IMPRINT) | |
| Place of publication, distribution, etc. | London : |
| -- | New York [etc.] |
| Name of publisher, distributor, etc. | H. Milford |
| Date of publication, distribution, etc. | 1924, [reprinted 1951] |
| 300 ## - PHYSICAL DESCRIPTION | |
| Pagination | xvi, 514 p. |
| Size | 16 cm. |
| 490 0# - SERIES STATEMENT | |
| Series statement | The world's classics. |
| Volume/sequential designation | 252 |
| 650 #0 - SUBJECT ADDED ENTRY--TOPICAL TERM | |
| Topical term or geographic name as entry element | Triangles (Interpersonal relations) |
| Form subdivision | Fiction. |
| 9 (RLIN) | 12814 |
| Topical term or geographic name as entry element | Inheritance and succession |
| Form subdivision | Fiction. |
| 9 (RLIN) | 2471 |
| Topical term or geographic name as entry element | Widows |
| Form subdivision | Fiction. |
| 9 (RLIN) | 12815 |
| 651 #0 - SUBJECT ADDED ENTRY--GEOGRAPHIC NAME | |
| Geographic name | England |
| Form subdivision | Fiction. |
| 942 ## - ADDED ENTRY ELEMENTS (KOHA) | |
| Source of classification or shelving scheme | Dewey Decimal Classification |
| Koha item type | Books |
| Lost status | Source of classification or shelving scheme | Damaged status | Not for loan | Collection code | Permanent Location | Current Location | Shelving location | Date acquired | Source of acquisition | Cost, normal purchase price | Total Checkouts | Full call number | Date last seen | Copy number | Koha item type |
|---|---|---|---|---|---|---|---|---|---|---|---|---|---|---|---|
| Dewey Decimal Classification | Not For Loan | Fiction | Central Library, University of Rajshahi | Central Library, University of Rajshahi | Reading Room | 25/10/1954 | O.U.P. | 3.60 | 823 TRC 1951 | 08/05/2024 | C-1 | Books | |||
| Dewey Decimal Classification | Fiction | Central Library, University of Rajshahi | Central Library, University of Rajshahi | General Stacks | 22/01/1955 | O.U.P. | 3.60 | 823 TRC 1951 | 30/11/2025 | C-2 | Books |